000 00417nmm a2200145Ia 4500
008 251105s9999||||xx |||||||||||||||||und||
041 _aspa
100 _aMitchell, Margaret
245 0 _aLo que el viento se llevó
264 _a[Madrid, España] :
_bEdiciones B,
_c2015
300 _a992 páginas
650 _aNorth American narrative
856 _uhttps://public.digitaliapublishing.com/a/54139
942 _cCF
999 _c105533
_d105533